| 000 | 00593nam a2200193Ia 4500 | ||
|---|---|---|---|
| 008 | 140925s9999 xx 000 0 und d | ||
| 020 | _a1057-3631 | ||
| 100 | _aOermann, Marilyn H. | ||
| 245 |
_aJournal of Nursing Care Quality / _cMarilyn H. Oermann. _h[electronic resource] |
||
| 260 |
_bLippincott Williams & Wilkins, _cc2014. |
||
| 516 | _aElectronic text | ||
| 650 | _aJournal. | ||
| 650 | _aNursing care. | ||
| 650 | _aNursing. | ||
| 830 | _aLippincott Williams & Wilkins | ||
| 856 | _uhttp://journals.lww.com/jncqjournal/pages/default.aspx | ||
| 942 | _cEJ | ||
| 999 |
_c275689 _d275689 |
||